1716 1476 1218 1252 1572 1543 1124 1620 1289 1693 1265 1822 1656 1303 1094 1643 1377 1314 1258 1644 1105 1177 1058 1347 1339 1545 1983 1561 1901 1114 1776 1806 1877 1748 1687 1966 1580 1022 1939 1985 1410 1883 1895 1031 1307 1791 1904 1236 1717 1915 1376 1195 1022 1593 1586 1240 1105 1389 1566 1796 1566 1958 1182 1248 1177 1302 1043 1509 1714 1027 1679 1296 1390 1785 1105 1830 1166 1139 1981 1247 1551 1711 1045 1660 1320 1059 1955 1784 1041 1300 1149 1817 1918 1664 1344 1055 1459 1490 1986 BCNSPRNW ULIB Ver.6.0+V

เปลี่ยนเป็นภาษาไทย

Change to English
 แสดงรายละเอียดบรรณานุกรม
  กลับหน้าหลัก

Brief Record : Get Marc (ISO 2709) : E-mail record : QR code < ปิดหน้าต่าง
LEADER : 00000nam 2200000uu 4500
001    13399110136
003     ULIB
008    110422s2552||||th 000 0 tha d
024    9786110600866
090    นว^bส966P 2552
100 0  แสตมป์เบอร์รี่
245     Psycho & the zist จังหวะรักร้ายหวานใจเจ้าเสน่ห์^cแสตมป์เบอร์รี่
260    กรุงเทพฯ:^bแจ่มใส,^c2552
300    210 หน้า
945    ^p159^l0^i029995
995    เกษร
999     ^aใช้งานได้ทุกระบบ
รายการนี้ยังไม่มีแท็ก
คุณยังไม่ได้ล็อกอิน คุณสามารถมีกิจกรรมร่วมกับเว็บไซต์ได้ แต่ต้องล็อกอินก่อน ::
  ล็อกอิน

รายการสื่อสารสนเทศ

ลำดับที่ ประเภท เลขเรียก/บาร์โค้ด สถานที่ สถานะ
1. นวนิยาย
นวนิยาย
นว ส966P 2552  
  Barcode: 029995
ห้องสมุดวิทยาเขตสวรรค์ประชารักษ์
►นวนิยาย
บนชั้น
  ขอยืม

BibComment


ยังไม่เคยถูกคอมเมนท์

คอมเมนท์ทรัพยากรรายการนี้
  คอมเมนท์: Psycho the zist..


 Copyright 2026. Bcnsprnw @Library